Robotický systém automatického uchopenia súčiastky v automobilovom priemysle

Guardado en:
Detalles Bibliográficos
Autor principal: Cvik, Anton (Autor)
Otros Autores: Duchoň, František (Orientador)
Formato: Manuscrito Libro
Lenguaje:eslovaco
Publicado: 2018
Materias:
Acceso en línea:http://is.stuba.sk/zp/portal_zp.pl?podrobnosti=128050
Etiquetas: Agregar Etiqueta
Sin Etiquetas, Sea el primero en etiquetar este registro!

MARC

LEADER 00000ntm a22000003a 4500
001 stuzp65788
003 SK-STU
005 20181107111154.9
007 ta
008 150427s2015----xo-----f-mn---000-0-slo-d
040 |a STU  |b slo 
041 0 |a slo 
044 |a xo 
100 1 |a Cvik, Anton  |u 031000  |4 aut  |U FEI Fakulta elektrotechniky a informatiky  |T FEI Ústav robotiky a kybernetiky  |X 82309  |U E011  |Y 356  |7 82309 
242 0 1 |a Automated Assembly of Part in Automotive Industry by a Robotic System  |y eng 
245 1 0 |a Robotický systém automatického uchopenia súčiastky v automobilovom priemysle 
260 |c 2018 
300 |a 39 s.,  |b CD-ROM 
650 4 |a XIMEA  |2 eng 
650 4 |a Treshold  |2 eng 
650 4 |a KUKA  |2 eng 
650 4 |a OpenCV  |2 eng 
650 4 |a Treshold  |2 slo 
650 4 |a XIMEA  |2 slo 
650 4 |a KUKA  |2 slo 
650 4 |a OpenCV  |2 slo 
700 1 |a Duchoň, František  |u 031000  |k Z1  |4 ths  |U FEI Fakulta elektrotechniky a informatiky  |T FEI Ústav robotiky a kybernetiky  |X 10329  |U E011  |Y 356  |7 A000010329 
856 4 |u http://is.stuba.sk/zp/portal_zp.pl?podrobnosti=128050 
996 |b 284ER02653  |c E*Bc- 2653  |l EE31  |s P  |a 0  |w stuzp65788_0001